000
00314nam a22001217a 4500
008
171220b xxu||||| |||| 00| 0 eng d
041
_a
eng
080
_a
616.073
100
_a
6
101
_a
RAD
245
_a
PRESENTIAL AT THE AND ANNUAL MEETING OF THE RADIOLOGICAL SOCIETY
_c
MULLER.N.L
942
_2
udc
_c
BK
999
_c
39243
_d
39243